000 00392nam a2200109Ia 4500
008 180412s9999||||xx |||||||||||||| ||und||
040 _aAhmadu Bello University Library - Zaria
100 _aLyubimov, N .A.
245 0 _aManaul of Veterinary Surgery
_cby N. A. Lyubimov
260 _aMoscow
_bMIR Publihers
_c1977
300 _a447p.; ill., diagrs, pictures & tables
500 _aIncludes bibliographical references and index
999 _c3527
_d3527